El coro de la catedral de Toledo / (Record no. 180853)

MARC details
000 -LEADER
campo de control de longitud fija 00800nam a2200241 i 4500
001 - NÚMERO DE CONTROL
campo de control 180853
003 - IDENTIFICADOR DE NÚMERO DE CONTROL
campo de control ES-MaACL
005 - FECHA Y HORA DE LA ÚLTIMA TRANSACCIÓN
campo de control 20250821102028.0
008 - DATOS DE LONGITUD FIJA--INFORMACIÓN GENERAL
campo de control de longitud fija 120720s1991 sp ao |||| |dspa d
020 ## - NÚMERO INTERNACIONAL ESTÁNDAR DEL LIBRO
Número Internacional Estándar del Libro 84-7679-199-2
080 ## - NÚMERO DE LA CLASIFICACIÓN DECIMAL UNIVERSAL
Número de la Clasificación Decimal Universal 726.591.3/.6(460.285 T.)
100 1# - ENTRADA PRINCIPAL--NOMBRE DE PERSONA
Nombre de persona Río, Isabel del.
9 (RLIN) 151022
245 13 - MENCIÓN DEL TÍTULO
Título El coro de la catedral de Toledo /
Mención de responsabilidad, etc. por Isabel del Río de la Hoz.
260 ## - PUBLICACIÓN, DISTRIBUCIÓN, ETC.
Lugar de publicación, distribución, etc. Madrid :
Nombre del editor, distribuidor, etc. Historia Viva,
Fecha de publicación, distribución, etc. [1991]
300 ## - DESCRIPCIÓN FÍSICA
Extensión VIII, 31 p. :
Otras características físicas il. col. y n. ;
Dimensiones 24 cm.
490 1# - MENCIÓN DE SERIE
Mención de serie Cuadernos de arte español ;
Designación de volumen o secuencia 52
594 ## - Nota al título y mención de responsabilidad
Nota al título y mención de responsabilidad En cub.: Historia 16.
610 27 - PUNTO DE ACCESO ADICIONAL DE MATERIA--NOMBRE DE ENTIDAD CORPORATIVA
Nombre de entidad corporativa o nombre de jurisdicción como elemento de entrada Catedral Primada de Toledo.
9 (RLIN) 145491
650 #4 - PUNTO DE ACCESO ADICIONAL DE MATERIA--TÉRMINO DE MATERIA
Término de materia o nombre geográfico como elemento de entrada Sillerías de coro-
Subdivisión geográfica España.
9 (RLIN) 149890
830 00 - PUNTO DE ACCESO ADICIONAL DE SERIE-TÍTULO UNIFORME
Título uniforme Cuadernos de arte español
Designación de volumen o secuencia 52
9 (RLIN) 191338
852 ## - LOCALIZACIÓN
Ubicación ES-MaACL
Número de control de estantería 2314-F-28
Holdings
Estatus retirado Estado de pérdida Estado de daño No para préstamo Colección Biblioteca de origen Biblioteca actual Ubicación en estantería Fecha de adquisición Fuente de adquisición Total de préstamos Signatura topográfica completa Código de barras Visto por última vez Precio de reemplazo Tipo de ítem Koha
        Colección de folletos Biblioteca del Ateneo de Madrid Biblioteca del Ateneo de Madrid Depósito folletos 20/07/2012     2314-F-28 1190040 23/02/2023 23/02/2023 Folleto